00407nam a2200145Ia 4500008004100000020002200041082001400063100002300077245006500100250001200165260002600177300001000203600002100213650002700234250827s9999 xx 000 0 und d a978-1-260-59782-0 a004.6 FOR aForouzan Behroz A. 0aData Communications & Networking: with tcp/ip protocol suite a6th ed. aNew YorkbMcgraw Hill a834p. aComputer Science aEngineering Technology